ბათუმის შოთა რუსთაველის სახელმწიფო უნივერსიტეტის ბიბლიოთეკა

Воднывй режим растении (ბიბ.ჩანაწერი № 45562)

000 -LEADER
fixed length control field 00519nam a2200205Ia 4500
001 - CONTROL NUMBER
control field 12388
003 - CONTROL NUMBER IDENTIFIER
control field GE_BSU
008 - FIXED-LENGTH DATA ELEMENTS--GENERAL INFORMATION
fixed length control field 181216s||||||||xx |||||||||||||| ||und||
040 ## - CATALOGING SOURCE
Transcribing agency GE_BSU
080 ## - UNIVERSAL DECIMAL CLASSIFICATION NUMBER
Universal Decimal Classification number 581.11
100 ## - MAIN ENTRY--PERSONAL NAME
Personal name Слейчер,Р.
245 ## - TITLE STATEMENT
Title Воднывй режим растении
245 ## - TITLE STATEMENT
Statement of responsibility, etc. Ред.М.Г.Дунина
260 ## - PUBLICATION, DISTRIBUTION, ETC.
Place of publication, distribution, etc. Москва
260 ## - PUBLICATION, DISTRIBUTION, ETC.
Name of publisher, distributor, etc. мир
260 ## - PUBLICATION, DISTRIBUTION, ETC.
Date of publication, distribution, etc. 1970
300 ## - PHYSICAL DESCRIPTION
Extent 365стр.илл.22см.
653 ## - INDEX TERM--UNCONTROLLED
Uncontrolled term Воднывй режим растении
942 ## - ADDED ENTRY ELEMENTS (KOHA)
Koha item type წიგნი
ეგზემპლარები
Withdrawn status Lost status Damaged status Not for loan Date acquired Barcode Date last seen Price effective from Koha item type
        2018-12-17 20468 2018-12-17 2018-12-17 წიგნი